Представление документа в формате MARC21

Поле Инд. ПП Название Значение
Тип записи a
Библиографический уровень a
001 Контрольный номер RU/IS/BASE/262109762
005 Дата корректировки 20240124145337.0
084 a Индекс другой классификации/Индекс ББК 81в72
090 00 a Полочн. индекс 81я43
x Авторский знак П 781
100 10 a Автор Фрумкина Р. М.
245 00 a Заглавие Проблемы восприятия слов в зависимости от их вероятностей
650 04 a Основная рубрика общее языкознание
a Основная рубрика филологические науки
a Основная рубрика языкознание
653 00 a Ключевые слова вероятностные характеристики
a Ключевые слова восприятие слов
a Ключевые слова кодовая система
a Ключевые слова методы лингвистических исследований
a Ключевые слова распознавание звучащей речи
a Ключевые слова распознавание письменного текста
a Ключевые слова речевое поведение
a Ключевые слова слово
a Ключевые слова тахистоскопия
a Ключевые слова физико-механические методы
a Ключевые слова язык
773 00 d Дата издания источника Москва, 1967
g Прочая информация С. 92-95
t Заглавие источника Проблемы языкознания
w Контрольный № источника RU/IS/BASE/102085341
901 t Тип документа a